| 000 | 00536nam a22001937a 4500 | ||
|---|---|---|---|
| 005 | 20260224122836.0 | ||
| 008 | 260224b |||||||| |||| 00| 0 eng d | ||
| 020 | _a978-0-1996-7265-3 | ||
| 050 |
_aKJE 947 .094 2015 _b`1 |
||
| 100 | _aARNULL,ANTHONY | ||
| 245 | _aTHE OXFORD HANDBOOK OF EUROPEAN UNION LAW | ||
| 250 | _a1ST | ||
| 260 |
_aNEW YORK _bOXFORD UNIVERSITY P[RESS _c2015 |
||
| 300 | _aINCLUDES INDEX | ||
| 500 | _aXV,1051P | ||
| 650 | _aLAW -EUROPEAN UNION COUNTRIES | ||
| 700 | _aCHALMERS,DAMIAN | ||
| 942 |
_2lcc _cBK |
||
| 999 |
_c216609 _d216609 |
||